Ashworth Frazer Ltd v Gloucester City Council (Record no. 63064)

MARC details
000 -LEADER
fixed length control field 01824cam a2200253 4500
001 - CONTROL NUMBER
control field ABS62094
008 - FIXED-LENGTH DATA ELEMENTS--GENERAL INFORMATION
fixed length control field 000000n2000 000 0 eng u
035 ## - SYSTEM CONTROL NUMBER
System control number (Sirsi) u105164
245 ## - TITLE STATEMENT
Title Ashworth Frazer Ltd v Gloucester City Council
260 ## - PUBLICATION, DISTRIBUTION, ETC.
Date of publication, distribution, etc. 2000
490 ## - SERIES STATEMENT
Series statement Estates Gazette
Volume/sequential designation [2000] 12 EG 149-156(8)
520 ## - SUMMARY, ETC.
Summary, etc. CA 21 December 1999. In April 1986, the defendant (G) granted a 114 year term of a large area of land for development purposes. The original tenant, with the landlord's consent, assigned each plot to a separate occupier. The appellant tenant (A) held one plot. The lease contained a lessee's covenant to commence and complete the erection of a building development for uses within Classes III, IV or X of the Town and Country Planning (Use Classes) Order 1963 and a covenant against assignment by the lessee of any part of the demised land without the previous consent in writing of the landlords. The landlords had refused consent to an assignment of the plot to MMC Ltd because they intended to use it other than for use within Classes III, IV and X of the use classes order. The judge held that the covenant relating to the erection of a building for certain specified uses imposed an obligation on the tenant to use the building for such uses, he also held that the landlords were entitled to withhold consent to an assignment for the reasons they had relied on. Held, appeal allowed.
590 ## - LOCAL NOTE (RLIN)
Local note ABS
650 ## - SUBJECT ADDED ENTRY--TOPICAL TERM
Topical term or geographic name entry element ASHWORTH FRAZER LTD V GLOUCESTER CC
650 ## - SUBJECT ADDED ENTRY--TOPICAL TERM
Topical term or geographic name entry element TOWN AND COUNTRY PLANNING (USE CLASSES) ORDER 1963
650 ## - SUBJECT ADDED ENTRY--TOPICAL TERM
Topical term or geographic name entry element COVENANTS
650 ## - SUBJECT ADDED ENTRY--TOPICAL TERM
Topical term or geographic name entry element ASSIGNMENT OF LEASES
650 ## - SUBJECT ADDED ENTRY--TOPICAL TERM
Topical term or geographic name entry element WITHHOLDING CONSENT
650 ## - SUBJECT ADDED ENTRY--TOPICAL TERM
Topical term or geographic name entry element CONSENT TO ASSIGN
650 ## - SUBJECT ADDED ENTRY--TOPICAL TERM
Topical term or geographic name entry element REFUSAL
650 ## - SUBJECT ADDED ENTRY--TOPICAL TERM
Topical term or geographic name entry element COMMERCIAL LEASES
690 ## - LOCAL SUBJECT ADDED ENTRY--TOPICAL TERM (OCLC, RLIN)
Topical term or geographic name as entry element LANDLORD AND TENANT-BUSINESS TENANCIES-CASE LAW
942 ## - ADDED ENTRY ELEMENTS (KOHA)
Suppress in OPAC 0
Holdings
Withdrawn status Lost status Source of classification or shelving scheme Damaged status Not for loan Home library Current library Shelving location Date acquired Total Checkouts Full call number Barcode Date last seen Copy number Price effective from Koha item type
    Dewey Decimal Classification     London London Journal article 03/04/2000   ABS62094 105164-1001 06/08/2019 1 06/08/2019 Law report